01123nam a2200193Ia 4500001001100000003001000011008004100021040002500062041001300087100001800100245003700118250001100155260008100166300001200247500026000259501011400519520026000633650003600893L707-29286IT-CnALBA170116s9999||||xx |||||||||||||| ||und|| aIT-CnALBAcIT-CnALBA aITALIANO aBACKES MAGNUS 0aL'ARTE IN EUROPA: VI-XI SECOLO.  a1a ed. aMILANObRIZZOLI & C. EDITORI c1970 [1° Ed.:1970 - Ed.Ling.Originale: 1969] a264 p.  aOSTROGOTI. LONGOBARDI. VISIGOTI. LA FRANCIA MEROVINGIA. ISOLE BRITANNICHE. SCANDINAVIA. CARLO MAGNO E I CAROLINGI. EPOCA OTTONIANA. BISANZIO. ACQUISGRANA. FULA. MAGONZA. COLONIA. WINCHESTER. MOZARABIA IN SPAGNA. CATALANI. ASTURIE. LEON. ILLUSTRAZIONI IN B aSocietà San Paolo EM - Piazza San Paolo, 14 - 12051 ALBA (CN) (non commercial uses only) ® Copyright 2017 aOSTROGOTI. LONGOBARDI. VISIGOTI. LA FRANCIA MEROVINGIA. ISOLE BRITANNICHE. SCANDINAVIA. CARLO MAGNO E I CAROLINGI. EPOCA OTTONIANA. BISANZIO. ACQUISGRANA. FULA. MAGONZA. COLONIA. WINCHESTER. MOZARABIA IN SPAGNA. CATALANI. ASTURIE. LEON. ILLUSTRAZIONI IN B aSTUDIO E INSEGNAMENTO DELL'ARTE